000 00205nam a22000857a 4500
008 161125b xxu||||| |||| 00| 0 eng d
100 _91432
_aRhodes.G.
245 _aReal World Math-5-8
260 _aUSA
_bTCR
_c2003
999 _c4153
_d4153